Online Catalogue and eLibrary

Women, birthcontrol and the law (Record no. 2833)

MARC details
000 -LEADER
fixed length control field 00445nam a2200181Ia 4500
005 - DATE AND TIME OF LATEST TRANSACTION
control field 20240610004342.0
008 - FIXED-LENGTH DATA ELEMENTS--GENERAL INFORMATION
fixed length control field 240331s9999 xx 000 0 und d
020 ## - INTERNATIONAL STANDARD BOOK NUMBER
ISBN 8171003206
082 ## - DDC Classification
Item Number - Author Mark SEH
Class No. 344
100 ## - MAIN ENTRY--PERSONAL NAME
Personal name Sehgal, B.P.S
245 #0 - TITLE STATEMENT
Title Women, birthcontrol and the law
260 ## - PUBLICATION, DISTRIBUTION, ETC.
Place of publication, distribution, etc. New Delhi
Name of publisher, distributor, etc. DEEP & DEEP Publications
Date of publication, distribution, etc. 1991
300 ## - PHYSICAL DESCRIPTION
Extent (e.g. Volumes, Pages etc.) 183 p.,
650 ## - SUBJECT ADDED ENTRY--TOPICAL TERM
Topical term or geographic name entry element Women
650 ## - SUBJECT ADDED ENTRY--TOPICAL TERM
Topical term or geographic name entry element Law
650 ## - SUBJECT ADDED ENTRY--TOPICAL TERM
Topical term or geographic name entry element Reproductive Health
942 ## - Koha item type (Biblio)
Koha item type Books in Stacks (Lending)
Holdings
Lost status Damaged status Collection code Home library Current library Shelving location Date acquired Full call number Accession Number Item type
    Lending WERC Library WERC Library Social Science Cupboard 03/31/2024 344.048 SEH 536 Books in Stacks (Lending)

© WERC Library